Moja kniha pokusov - Farba (Record no. 21742)
[ view plain ]
| 000 -LEADER | |
|---|---|
| fixed length control field | 00957nam a2200337 a 4500 |
| 001 - CONTROL NUMBER | |
| control field | 21742 |
| 003 - CONTROL NUMBER IDENTIFIER | |
| control field | VRT |
| 005 - DATE AND TIME OF LATEST TRANSACTION | |
| control field | 20260309112337.0 |
| 008 - FIXED-LENGTH DATA ELEMENTS--GENERAL INFORMATION | |
| fixed length control field | 950616s1993 xo a 000 1 slo c |
| 020 ## - INTERNATIONAL STANDARD BOOK NUMBER | |
| International Standard Book Number | 8071500585 |
| Terms of availability | 69.00 |
| 035 ## - SYSTEM CONTROL NUMBER | |
| System control number | UKB000018310 |
| 040 ## - CATALOGING SOURCE | |
| Original cataloging agency | BAA001 |
| Language of cataloging | slo |
| Transcribing agency | BAA001 |
| Description conventions | AACR2 |
| 041 1# - LANGUAGE CODE | |
| Language code of text/sound track or separate title | slo |
| 044 ## - COUNTRY OF PUBLISHING/PRODUCING ENTITY CODE | |
| MARC country code | xo |
| ISO country code | SK |
| 080 ## - UNIVERSAL DECIMAL CLASSIFICATION NUMBER | |
| Universal Decimal Classification number | 535-1/-3(02.053.2) |
| 100 1# - MAIN ENTRY--PERSONAL NAME | |
| Personal name | Ardley, Neil |
| 245 00 - TITLE STATEMENT | |
| Title | Moja kniha pokusov - Farba |
| Remainder of title | Fotogr.Pete Gardner.Z angl.orig.prel.Peter Gomolčák. |
| 260 ## - PUBLICATION, DISTRIBUTION, ETC. | |
| Place of publication, distribution, etc. | Bratislava |
| Name of publisher, distributor, etc. | Champagne Avantgarde |
| Date of publication, distribution, etc. | 1993 |
| 300 ## - PHYSICAL DESCRIPTION | |
| Extent | 29 s. |
| 490 1# - SERIES STATEMENT | |
| Series statement | Moja kniha pokusov |
| Volume/sequential designation | zv.3 |
| 500 ## - GENERAL NOTE | |
| General note | Frontsp |
| 653 ## - INDEX TERM--UNCONTROLLED | |
| Uncontrolled term | 535-1/-3(02.053.2) |
| 700 1# - ADDED ENTRY--PERSONAL NAME | |
| Personal name | Gardner, Pete |
| 700 1# - ADDED ENTRY--PERSONAL NAME | |
| Personal name | Gomolčák, Peter |
| 760 1# - MAIN SERIES ENTRY | |
| Title | Moja kniha pokusov |
| Related parts | zv.3 |
| 830 #0 - SERIES ADDED ENTRY--UNIFORM TITLE | |
| Uniform title | Moja kniha pokusov |
| Volume/sequential designation | zv.3 |
| 910 ## - USER-OPTION DATA (OCLC) | |
| User-option data | ukb |
| 942 ## - ADDED ENTRY ELEMENTS (KOHA) | |
| Source of classification or shelving scheme | Dewey Decimal Classification |
| Koha item type | Odborná literatúra pre deti |
| Suppress in OPAC | No |
| 949 ## - LOCAL PROCESSING INFORMATION (OCLC) | |
| 6 | 1800087803 |
| a | 30.D.51153 |
| b | PV.2139-93 |
| 949 ## - LOCAL PROCESSING INFORMATION (OCLC) | |
| 6 | 1800181842 |
| a | SL.D.16895 |
| b | PV.2140-93 |
| Stav vyradenia | Strata | Poškodenie | Spôsob nadobudnutia | Domovská knižnica | Aktuálna knižnica | Dátum nadobudnutia | Total checkouts | Čiarový kód exemplára | Date last seen | Typ exemplára |
|---|---|---|---|---|---|---|---|---|---|---|
| Dar | Obecná knižnica Turčianska Štiavnička | Obecná knižnica Turčianska Štiavnička | 09.03.2026 | 4738000347 | 09.03.2026 | Odborná literatúra pre deti |
